000 01171nam a2200241Ii 4500
003 JO-AjNU
005 20240629103114.0
008 230605s9999||||xx |||||||||||||| ||und||
040 _aJO-AjNU
_bara
_erda
_cJO-AjNU
041 _aara
050 1 4 _ak3440 2021
100 1 _aصالح، سيف غزال صعو
_965763
245 1 0 _aحق الموظف العام في الإضراب دراسة مقارنة في القانون العراقي والأردن=The Right public Employ to Strike A comparrative study in Iragi and jordanian Law/
_cاعداد سيف غزال صعو صالح ؛ إشرتف طلال ياسين العيسى
260 _c2021
300 _a148 ورقة
336 _atext
_btxt
_2rdacontent
337 _aunmediated
_bn
_2rdamedia
338 _avolume
_bnc
_2rdacarrier
500 _aرسالة جامعية(اطروحة ماجستير) جامعة عجلون الوطنية، تخصص القانون /كليةالحقوق، 2021
650 4 _aالموظفون-قوانين وتشريعات -القانون العراقي-القانون الاردني
_962488
700 1 _aالعيسى، طلال ياسين
_964930
_eمشرف
942 _2lcc
_cTHS
999 _c31866
_d31866